[Event "ISR-ch"]
[Site "Tel Aviv"]
[Date "1994.??.??"]
[Round "5"]
[White "Boim, Inon"]
[Black "Tseitlin, Mark D"]
[Result "0-1"]
[WhiteElo "2365"]
[BlackElo "2465"]
[PlyCount "110"]
[EventDate "1994.10.??"]
[EventType "swiss"]
[EventRounds "11"]
[EventCountry "ISR"]
[SourceTitle "EXT 1997"]
[Source "ChessBase"]
[SourceDate "1996.11.15"]
[SourceVersion "1"]
[SourceVersionDate "1996.11.15"]
[SourceQuality "1"]

1. Nf3 g6 2. g3 Bg7 3. Bg2 d5 4. d4 c6 5. O-O Nf6 6. Ne5 O-O 7. c4 Ng4 8. Nxg4
Bxg4 9. cxd5 cxd5 10. Nc3 Nc6 11. h3 Bd7 12. e3 e6 13. Na4 b6 14. Bd2 Rc8 15.
Rc1 Qe7 16. a3 Rfd8 17. Re1 Qe8 18. Nc3 Na5 19. e4 dxe4 20. Nxe4 Rxc1 21. Bxc1
Bc6 22. Be3 Nc4 23. Qc2 Rc8 24. Qe2 Qd7 25. Rc1 Nxe3 26. fxe3 Bxe4 27. Rxc8+
Qxc8 28. Bxe4 e5 29. d5 Qxh3 30. Kf2 h5 31. Qf1 Qxf1+ 32. Kxf1 f5 33. Bc2 e4
34. b4 Be5 35. Kf2 Kf8 36. Bd1 Ke7 37. Be2 Bb2 38. a4 Bc3 39. b5 Kd6 40. Bc4
Bb4 41. Bb3 Ke5 42. Bc4 Bd6 43. Bb3 Kf6 44. Bd1 Kg5 45. Be2 h4 46. gxh4+ Kxh4
47. Bf1 Bc5 48. Bc4 Bd6 49. Bf1 Kg4 50. Bg2 Bc5 51. Bf1 f4 52. d6 Bxe3+ 53. Ke1
f3 54. Bc4 Bg5 55. Bf7 e3 0-1

[Event "ISR-ch"]
[Site "Tel Aviv"]
[Date "1994.??.??"]
[Round "7"]
[White "Tseitlin, Mark D"]
[Black "Khenkin, Igor"]
[Result "1-0"]
[WhiteElo "2465"]
[BlackElo "2580"]
[PlyCount "81"]
[EventDate "1994.10.??"]
[EventType "swiss"]
[EventRounds "11"]
[EventCountry "ISR"]
[SourceTitle "EXT 1997"]
[Source "ChessBase"]
[SourceDate "1996.11.15"]
[SourceVersion "1"]
[SourceVersionDate "1996.11.15"]
[SourceQuality "1"]

1. e4 c5 2. Nf3 e6 3. Nc3 Nc6 4. Bb5 Nd4 5. O-O a6 6. Bd3 Ne7 7. Nxd4 cxd4 8.
Ne2 Nc6 9. c3 Bc5 10. b4 Ba7 11. cxd4 Nxd4 12. Bb2 Nxe2+ 13. Qxe2 O-O 14. e5
Qh4 15. a4 Rd8 16. Rfc1 Qh6 17. Rc4 d5 18. exd6 Rxd6 19. Bxg7 Bxf2+ 20. Qxf2
Qxg7 21. Rac1 Rxd3 22. Rxc8+ Rd8 23. R8c7 Qd4 24. Rf1 Qxf2+ 25. Rxf2 f5 26. Rf3
Rac8 27. Rg3+ Kh8 28. Rxb7 Rc1+ 29. Kf2 Rxd2+ 30. Ke3 Rd8 31. Rgg7 Rc3+ 32. Kf4
Rc4+ 33. Ke5 Re4+ 34. Kf6 Rf8+ 35. Rgf7 Rxf7+ 36. Rxf7 h5 37. Rb7 f4 38. a5 f3
39. gxf3 Rf4+ 40. Kg6 Rf8 41. b5 1-0

[Event "Groningen op"]
[Site "Groningen"]
[Date "1994.??.??"]
[Round "2"]
[White "Tseitlin, Mark D"]
[Black "Zagema, Wieb"]
[Result "1-0"]
[WhiteElo "2465"]
[BlackElo "2355"]
[PlyCount "81"]
[EventDate "1994.12.??"]
[EventType "swiss"]
[EventRounds "11"]
[EventCountry "NED"]
[SourceTitle "CBM 045 Extra"]
[Source "ChessBase"]
[SourceDate "1995.05.01"]
[SourceVersion "1"]
[SourceVersionDate "1995.05.01"]
[SourceQuality "1"]

1. e4 e5 2. Nf3 d6 3. d4 Nf6 4. Nc3 Nbd7 5. Bc4 Be7 6. O-O O-O 7. a4 c6 8. Ba2
b6 9. Re1 a6 10. Bg5 h6 11. Be3 Nh7 12. Qd2 Qc7 13. h3 Ndf6 14. Qd3 Kh8 15. Bb3
Nh5 16. Qc4 Bd8 17. dxe5 dxe5 18. a5 b5 19. Qc5 Re8 20. Red1 f6 21. Rd6 Bb7 22.
Nh4 Nf8 23. Nf5 Nf4 24. Rad1 Qxa5 25. Bf7 Bc7 26. Bxe8 Rxe8 27. b4 Qa3 28. Bxf4
exf4 29. Qa7 Rb8 30. Rxc6 Be5 31. Rcd6 Bxd6 32. Rxd6 Qxc3 33. Qxb8 Bc8 34. Rd8
Qe1+ 35. Kh2 Qxf2 36. Rxf8+ Kh7 37. Rh8+ Kg6 38. Rxh6+ Kg5 39. h4+ Kg4 40. Qxc8
f3 41. Rg6+ 1-0

[Event "Groningen op"]
[Site "Groningen"]
[Date "1994.??.??"]
[Round "8"]
[White "Tseitlin, Mark D"]
[Black "Tregubov, Pavel V"]
[Result "1-0"]
[WhiteElo "2465"]
[BlackElo "2545"]
[PlyCount "157"]
[EventDate "1994.12.??"]
[EventType "swiss"]
[EventRounds "11"]
[EventCountry "NED"]
[SourceTitle "CBM 045 Extra"]
[Source "ChessBase"]
[SourceDate "1995.05.01"]
[SourceVersion "1"]
[SourceVersionDate "1995.05.01"]
[SourceQuality "1"]

1. e4 c5 2. c3 e6 3. d4 d5 4. e5 Nc6 5. Nf3 Qb6 6. a3 c4 7. Nbd2 Na5 8. h4 Bd7
9. g3 O-O-O 10. Bh3 h6 11. Kf1 g6 12. Kg2 Bg7 13. Rb1 Ne7 14. Nf1 Rdg8 15. N1h2
Nf5 16. Ng4 Qd8 17. Bf4 Nc6 18. Qd2 b6 19. Rhe1 Kb7 20. Kg1 Qe7 21. Bg2 Rc8 22.
Qe2 Rhg8 23. Qd2 Rh8 24. Nf6 Bxf6 25. exf6 Qxf6 26. Ne5 Qe7 27. Bxd5 exd5 28.
Nxc6 Qf8 29. Ne5 Be8 30. Ng4 f6 31. Re6 Rc6 32. Rbe1 Bd7 33. Rxf6 Rxf6 34. Nxf6
Qxf6 35. Be5 Qf8 36. Bxh8 Qxh8 37. Qf4 h5 38. Re5 Qg8 39. Qg5 Qf7 40. Kg2 Kc7
41. f3 Be6 42. Re2 Kd7 43. Kf2 a6 44. Qf4 Nd6 45. Ke3 Bf5 46. Re1 Be6 47. Qxf7+
Nxf7 48. Kf4 Ke7 49. g4 Kf6 50. Rg1 Nd6 51. Rg2 b5 52. Rg1 a5 53. gxh5 gxh5 54.
Rg5 Bf7 55. Re5 Nc8 56. Rf5+ Ke7 57. Ke5 Nb6 58. Rg5 Nd7+ 59. Kf5 Nb8 60. Rg1
Nd7 61. Re1+ Kf8 62. f4 Nb6 63. Kg5 Nc8 64. f5 Nd6 65. f6 Ne4+ 66. Kf5 Bg8 67.
Ke5 Nf2 68. Kd6 Nd3 69. Re2 Bf7 70. Re7 Nxb2 71. Rb7 Bg8 72. Rb8+ Kf7 73. Rxg8
Nd1 74. Rg3 b4 75. cxb4 c3 76. Ke5 c2 77. Rg7+ Kf8 78. Rc7 Ne3 79. Ke6 1-0

[Event "Hastings op 9495"]
[Site "Hastings"]
[Date "1995.??.??"]
[Round "9"]
[White "Hebden, Mark"]
[Black "Tseitlin, Mark D"]
[Result "0-1"]
[WhiteElo "2550"]
[BlackElo "2495"]
[PlyCount "80"]
[EventDate "1994.12.??"]
[EventType "swiss"]
[EventRounds "9"]
[EventCountry "ENG"]
[SourceTitle "EXT 1997"]
[Source "ChessBase"]
[SourceDate "1996.11.15"]
[SourceVersion "1"]
[SourceVersionDate "1996.11.15"]
[SourceQuality "1"]

1. d4 f5 2. g3 Nf6 3. Bg2 g6 4. Nd2 Bg7 5. c3 Nc6 6. Ndf3 e6 7. Nh3 d6 8. O-O
O-O 9. Nf4 e5 10. dxe5 dxe5 11. Qb3+ Kh8 12. Ne6 Bxe6 13. Qxe6 e4 14. Ng5 Qe8
15. Qb3 Na5 16. Qc2 h6 17. Nh3 g5 18. f3 Nc4 19. fxe4 Nxe4 20. b3 Ncd6 21. Bb2
Nxc3 22. e4 Ncxe4 23. Bxg7+ Kxg7 24. Qxc7+ Rf7 25. Qa5 Qb5 26. Qxb5 Nxb5 27. g4
fxg4 28. Rxf7+ Kxf7 29. Bxe4 gxh3 30. Bxb7 Rd8 31. a4 Nd4 32. b4 Rb8 33. Bd5+
Kf6 34. b5 Ke5 35. Bh1 Rf8 36. Re1+ Kd6 37. Re3 g4 38. Re4 Kc5 39. a5 Nxb5 40.
Rxg4 Nc3 0-1

[Event "Tel Aviv "]
[Site "Tel Aviv "]
[Date "1995.??.??"]
[Round "?"]
[White "Gershon, Alik"]
[Black "Tseitlin, Mark D"]
[Result "0-1"]
[WhiteElo "2340"]
[BlackElo "2495"]
[PlyCount "44"]
[EventDate "1995.??.??"]
[EventType "swiss"]
[EventRounds "9"]
[EventCountry "ISR"]
[SourceTitle "EXT 2000"]
[Source "ChessBase"]
[SourceDate "1999.11.16"]
[SourceVersion "1"]
[SourceVersionDate "1999.11.16"]
[SourceQuality "1"]

1. e4 c5 2. Nf3 d6 3. d4 cxd4 4. Nxd4 Nf6 5. Nc3 Nc6 6. f4 e6 7. Nf3 Qb6 8. Bc4
Nxe4 9. Nxe4 d5 10. Bxd5 exd5 11. Qxd5 Nb4 12. Qe5+ Be7 13. Qxg7 Rf8 14. Kd1
Qc6 15. Nc3 Bf5 16. Nd4 O-O-O 17. Bd2 Rxd4 18. Qxd4 Rd8 19. Qe3 Qxg2 20. Re1
Nxc2 21. Qe2 Nxe1 22. Qxe1 Bh4 0-1

[Event "Paris op"]
[Site "Paris"]
[Date "1995.??.??"]
[Round "?"]
[White "Tseitlin, Mark D"]
[Black "Luce, Sebastien"]
[Result "1-0"]
[WhiteElo "2495"]
[BlackElo "2410"]
[PlyCount "95"]
[EventDate "1995.04.??"]
[EventType "swiss"]
[EventRounds "9"]
[EventCountry "FRA"]
[SourceTitle "EXT 1997"]
[Source "ChessBase"]
[SourceDate "1996.11.15"]
[SourceVersion "1"]
[SourceVersionDate "1996.11.15"]
[SourceQuality "1"]

1. e4 c6 2. d4 d5 3. e5 Bf5 4. Nf3 e6 5. Be2 Nd7 6. O-O h6 7. b3 Ne7 8. c4 Nc8
9. Nc3 Be7 10. Be3 a6 11. c5 a5 12. a3 b5 13. Ne1 O-O 14. f4 f6 15. g4 Bh7 16.
Nf3 fxe5 17. fxe5 Rf7 18. Qd2 Nf8 19. Rf2 Be4 20. Raf1 Bxf3 21. Rxf3 Rxf3 22.
Rxf3 Bg5 23. Bd3 Bxe3+ 24. Qxe3 Ne7 25. g5 h5 26. Ne2 Neg6 27. Ng3 h4 28. Nh1
Ra7 29. Nf2 Qe8 30. Nh3 Rf7 31. Kg2 Rxf3 32. Qxf3 Qe7 33. Qf2 Qe8 34. Kf3 Qe7
35. Kg4 Qe8 36. Ng1 Qe7 37. Nf3 Qf7 38. Qe3 Kh8 39. Nxh4 Nxh4 40. Kxh4 g6 41.
Kg3 Kg8 42. h4 Nd7 43. h5 gxh5 44. g6 Qe7 45. Qh6 Nf8 46. Qxh5 a4 47. bxa4 bxa4
48. Qh4 1-0

[Event "Paris op"]
[Site "Paris"]
[Date "1995.??.??"]
[Round "?"]
[White "Tseitlin, Mark D"]
[Black "Voskanyan, Vahagn"]
[Result "1-0"]
[WhiteElo "2495"]
[BlackElo "2365"]
[PlyCount "70"]
[EventDate "1995.04.??"]
[EventType "swiss"]
[EventRounds "9"]
[EventCountry "FRA"]
[SourceTitle "EXT 1997"]
[Source "ChessBase"]
[SourceDate "1996.11.15"]
[SourceVersion "1"]
[SourceVersionDate "1996.11.15"]
[SourceQuality "1"]

1. e4 c5 2. Nf3 e6 3. Nc3 Nc6 4. Bb5 d6 5. d4 cxd4 6. Qxd4 Bd7 7. Qd3 Nf6 8.
Bf4 a6 9. Bxc6 Bxc6 10. O-O-O e5 11. Bg5 Rc8 12. Kb1 b5 13. Rhe1 h6 14. Bxf6
Qxf6 15. Nd5 Qe6 16. Qa3 Be7 17. Nxe7 Kxe7 18. Nh4 g6 19. f4 Rhd8 20. Nf3 Ke8
21. f5 Qc4 22. b3 b4 23. Qc1 Qc5 24. fxg6 fxg6 25. Nh4 Qf2 26. Nxg6 Bxe4 27.
Rxe4 Qxg2 28. Rh4 Qxg6 29. Rxh6 Qe4 30. Qd2 Rc6 31. Qf2 Rdc8 32. Re6+ Kd8 33.
Rdxd6+ Rxd6 34. Qf8+ Kc7 35. Qxd6+ Kb7 1-0

[Event "Biel MTO op"]
[Site "Biel"]
[Date "1995.??.??"]
[Round "3"]
[White "Wirthensohn, Heinz"]
[Black "Tseitlin, Mark D"]
[Result "0-1"]
[WhiteElo "2385"]
[BlackElo "2545"]
[PlyCount "44"]
[EventDate "1995.07.??"]
[EventType "swiss"]
[EventRounds "11"]
[EventCountry "SUI"]
[SourceTitle "CBM 048 Extra"]
[Source "ChessBase"]
[SourceDate "1995.11.01"]
[SourceVersion "1"]
[SourceVersionDate "1995.11.01"]
[SourceQuality "1"]

1. d4 Nf6 2. Nf3 g6 3. Nc3 Bg7 4. e4 d6 5. Be3 O-O 6. Qd2 Bg4 7. O-O-O Nc6 8.
Be2 Bxf3 9. Bxf3 e5 10. dxe5 Nxe5 11. Be2 b5 12. f3 b4 13. Nd5 Nxd5 14. exd5
Re8 15. Bd4 a5 16. f4 Bh6 17. g4 c5 18. Bxe5 Rxe5 19. Rdf1 Re4 20. g5 Bg7 21.
Bb5 c4 22. Re1 Bxb2+ 0-1

[Event "Biel MTO op"]
[Site "Biel"]
[Date "1995.??.??"]
[Round "8"]
[White "Tseitlin, Mark D"]
[Black "Zak, Uriel"]
[Result "1-0"]
[WhiteElo "2545"]
[BlackElo "2360"]
[PlyCount "38"]
[EventDate "1995.07.??"]
[EventType "swiss"]
[EventRounds "11"]
[EventCountry "SUI"]
[SourceTitle "CBM 048 Extra"]
[Source "ChessBase"]
[SourceDate "1995.11.01"]
[SourceVersion "1"]
[SourceVersionDate "1995.11.01"]
[SourceQuality "1"]

1. e4 c5 2. Nf3 Nf6 3. e5 Nd5 4. Nc3 e6 5. Ne4 Nc6 6. Bb5 f5 7. Nc3 Nde7 8. O-O
Qc7 9. Re1 a6 10. Bxc6 Nxc6 11. d3 b6 12. Bg5 h6 13. Be3 g5 14. h3 Rg8 15. d4
cxd4 16. Nxd4 g4 17. Nxf5 gxh3 18. Qh5+ Kd8 19. Nd6 Qb8 1-0

[Event "Biel MTO op"]
[Site "Biel"]
[Date "1995.??.??"]
[Round "11"]
[White "Tseitlin, Mark D"]
[Black "Yagupov, Igor"]
[Result "1-0"]
[WhiteElo "2545"]
[BlackElo "2405"]
[PlyCount "51"]
[EventDate "1995.07.??"]
[EventType "swiss"]
[EventRounds "11"]
[EventCountry "SUI"]
[SourceTitle "CBM 048 Extra"]
[Source "ChessBase"]
[SourceDate "1995.11.01"]
[SourceVersion "1"]
[SourceVersionDate "1995.11.01"]
[SourceQuality "1"]

1. e4 e5 2. Nf3 Nc6 3. Nc3 Nf6 4. Bb5 Bb4 5. O-O O-O 6. d3 d6 7. Bg5 Bxc3 8.
bxc3 Bd7 9. Rb1 a6 10. Bxc6 Bxc6 11. Re1 Re8 12. Re3 Kh8 13. c4 Re6 14. d4 exd4
15. Nxd4 Re5 16. f4 Rc5 17. Qd3 h6 18. Bh4 Rh5 19. Nxc6 bxc6 20. Rh3 Rc5 21.
Re1 Qe7 22. Bf2 Ra5 23. Bd4 Rb8 24. Qc3 Rxa2 25. Rxh6+ Nh7 26. Qh3 1-0

[Event "Groningen op"]
[Site "Groningen"]
[Date "1995.??.??"]
[Round "?"]
[White "Belotelov, Denis"]
[Black "Tseitlin, Mark D"]
[Result "0-1"]
[WhiteElo "2325"]
[BlackElo "2545"]
[PlyCount "84"]
[EventDate "1995.12.??"]
[EventType "swiss"]
[EventRounds "11"]
[EventCountry "NED"]
[SourceTitle "CBM 050 Extra"]
[Source "ChessBase"]
[SourceDate "1996.03.01"]
[SourceVersion "1"]
[SourceVersionDate "1996.03.01"]
[SourceQuality "1"]

1. e4 d6 2. d4 Nf6 3. Nc3 g6 4. Nf3 Bg7 5. Be2 O-O 6. O-O a6 7. a4 b6 8. Re1 e6
9. Bg5 h6 10. Bh4 g5 11. Bg3 Nh5 12. Rf1 Nd7 13. Qd2 Bb7 14. Rad1 Qe7 15. Ne1
Nxg3 16. hxg3 Nf6 17. e5 dxe5 18. dxe5 Nd5 19. Nxd5 exd5 20. f4 f6 21. Bf3 Rad8
22. Nd3 fxe5 23. fxe5 Bxe5 24. Nxe5 Qxe5 25. Qd3 Kg7 26. Rfe1 Qf6 27. Bh5 Bc8
28. Re2 Bf5 29. Qxa6 Be4 30. Qb7 Qe5 31. Kh2 Rd7 32. c4 Qf5 33. g4 Qf4+ 34. Kg1
Bxg2 35. Rxg2 Qe3+ 36. Kh1 Rf3 37. Rdg1 Rh3+ 38. Rh2 Qf3+ 39. Rgg2 Re7 40. Rxh3
Qxh3+ 41. Kg1 Re1+ 42. Kf2 Qe3# 0-1

[Event "Groningen op"]
[Site "Groningen"]
[Date "1995.??.??"]
[Round "?"]
[White "Pomes Marcet, Juan"]
[Black "Tseitlin, Mark D"]
[Result "0-1"]
[WhiteElo "2425"]
[BlackElo "2545"]
[PlyCount "156"]
[EventDate "1995.12.??"]
[EventType "swiss"]
[EventRounds "11"]
[EventCountry "NED"]
[SourceTitle "CBM 050 Extra"]
[Source "ChessBase"]
[SourceDate "1996.03.01"]
[SourceVersion "1"]
[SourceVersionDate "1996.03.01"]
[SourceQuality "1"]

1. c4 e5 2. Nc3 Bb4 3. g3 Bxc3 4. dxc3 d6 5. Bg2 Ne7 6. Nf3 Nd7 7. O-O O-O 8.
b3 Rb8 9. e4 b6 10. Nh4 Nc5 11. f4 Bb7 12. Qe2 exf4 13. Bxf4 f6 14. b4 Nd7 15.
Be3 Ne5 16. Bd4 Qc8 17. Bxe5 dxe5 18. Bf3 Qe6 19. Ng2 Nc8 20. Ne3 Nd6 21. Nd5
c6 22. Bg4 Qf7 23. Bh5 Qd7 24. Ne3 Nxe4 25. Rad1 Qe7 26. Qg4 g6 27. Bxg6 hxg6
28. Qxg6+ Qg7 29. Qxe4 c5 30. Qh4 Qh7 31. Qg4+ Qg7 32. Qe6+ Kh8 33. Rd7 Qh6 34.
Nd5 Bc8 35. Rxf6 Qc1+ 36. Kg2 Qc2+ 37. Kh1 Bxd7 38. Qxd7 Qd1+ 39. Kg2 Qd2+ 40.
Kg1 Rxf6 41. Nxf6 Qxd7 42. Nxd7 Re8 43. bxc5 bxc5 44. Kf2 Re7 45. Nxc5 Rc7 46.
Nd3 Rxc4 47. Nxe5 Rxc3 48. h4 Kg7 49. g4 Ra3 50. g5 a5 51. Ke2 a4 52. Kd2 Rxa2+
53. Kc1 Re2 54. Nd3 Re3 55. Nf4 Rb3 56. Ne6+ Kg6 57. Nd4 Rb6 58. Nc2 Kh5 59.
Kd2 Kxh4 60. g6 Rxg6 61. Na3 Rc6 62. Kd3 Kg4 63. Nc4 Kf4 64. Kd4 Rc8 65. Kd3
Kf3 66. Na3 Kf2 67. Kd2 Rc5 68. Nb1 Kf3 69. Kd3 Kf4 70. Na3 Ke5 71. Nc4+ Ke6
72. Kd4 Rc7 73. Kd3 Ra7 74. Na3 Kd5 75. Kc3 Rb7 76. Kc2 Kd4 77. Nb1 Rb3 78. Nd2
Rh3 0-1

[Event "Groningen op"]
[Site "Groningen"]
[Date "1995.??.??"]
[Round "?"]
[White "Tseitlin, Mark D"]
[Black "Afek, Yochanan"]
[Result "1-0"]
[WhiteElo "2545"]
[BlackElo "2390"]
[PlyCount "45"]
[EventDate "1995.12.??"]
[EventType "swiss"]
[EventRounds "11"]
[EventCountry "NED"]
[SourceTitle "CBM 050 Extra"]
[Source "ChessBase"]
[SourceDate "1996.03.01"]
[SourceVersion "1"]
[SourceVersionDate "1996.03.01"]
[SourceQuality "1"]

1. e4 c5 2. Nf3 g6 3. c3 Bg7 4. d4 cxd4 5. cxd4 d5 6. exd5 Nf6 7. Bb5+ Nbd7 8.
d6 Qa5+ 9. Nc3 Ne4 10. Qe2 Nxd6 11. O-O Nxb5 12. Nxb5 O-O 13. Bd2 Qb6 14. Bf4
Qa6 15. Rfe1 e6 16. Bd6 Re8 17. Nc7 Qxd6 18. Nxe8 Qe7 19. Nxg7 Kxg7 20. d5 Nf8
21. Rac1 Bd7 22. Rc7 Qb4 23. a3 1-0

[Event "Groningen op"]
[Site "Groningen"]
[Date "1995.??.??"]
[Round "?"]
[White "Tseitlin, Mark D"]
[Black "Bosboom, Manuel"]
[Result "1-0"]
[WhiteElo "2545"]
[BlackElo "2450"]
[PlyCount "91"]
[EventDate "1995.12.??"]
[EventType "swiss"]
[EventRounds "11"]
[EventCountry "NED"]
[SourceTitle "CBM 050 Extra"]
[Source "ChessBase"]
[SourceDate "1996.03.01"]
[SourceVersion "1"]
[SourceVersionDate "1996.03.01"]
[SourceQuality "1"]

1. e4 c5 2. Nf3 d6 3. d4 cxd4 4. Nxd4 Nf6 5. Nc3 a6 6. Be3 e6 7. g4 e5 8. Nf5
g6 9. g5 gxf5 10. exf5 d5 11. gxf6 d4 12. Bc4 Qc7 13. Qd3 Bb4 14. O-O-O Bxc3
15. Bh6 Bb4 16. f4 Nc6 17. fxe5 Qxe5 18. Bxf7+ Kxf7 19. Qb3+ Be6 20. fxe6+ Qxe6
21. Qf3 Rhg8 22. a3 Rg6 23. Qh5 Ba5 24. Kb1 Rd8 25. Bd2 Bxd2 26. Qxh7+ Kxf6 27.
Rxd2 Qf5 28. Qxb7 Rd6 29. Qxa6 Kg7 30. Rf1 Qd5 31. Rdf2 Ne5 32. Qc8 Rd8 33.
Qc7+ Rd7 34. Qb8 Rd8 35. Qb4 Nc6 36. Qd2 Ne5 37. Rf5 Nc4 38. Qb4 Qe6 39. Rf7+
Kh6 40. Rf8 Rd7 41. Rh8+ Kg5 42. Rg1+ Kf6 43. Qf8+ Ke5 44. Qc5+ Ke4 45. Rh4+
Kf3 46. Qh5+ 1-0

[Event "ISR-chT"]
[Site "Israel"]
[Date "1996.??.??"]
[Round "9"]
[White "Tseitlin, Mark D"]
[Black "Kataev, Simcho"]
[Result "1-0"]
[WhiteElo "2545"]
[BlackElo "2355"]
[PlyCount "69"]
[EventDate "1996.??.??"]
[EventType "team"]
[EventRounds "11"]
[EventCountry "ISR"]
[SourceTitle "CBM 052 Extra"]
[Source "ChessBase"]
[SourceDate "1996.07.01"]
[SourceVersion "1"]
[SourceVersionDate "1996.07.01"]
[SourceQuality "1"]

1. e4 e6 2. d4 d5 3. Nd2 dxe4 4. Nxe4 Nd7 5. Nf3 Be7 6. Bd3 Ngf6 7. Qe2 O-O 8.
Bg5 c5 9. dxc5 Nxc5 10. Nxc5 Qa5+ 11. c3 Qxc5 12. O-O-O Ng4 13. Bxe7 Qxe7 14.
Qe4 f5 15. Qe2 Bd7 16. h3 Nh6 17. Rhe1 Rae8 18. Ne5 Bc8 19. f4 a6 20. Bc4 Kh8
21. Qe3 Qc7 22. Rd4 Nf7 23. Nf3 Bd7 24. g4 Bc6 25. Ne5 Nd6 26. g5 Ne4 27. Red1
b5 28. Bb3 a5 29. a3 Nc5 30. Ba2 Be4 31. Rd7 Nxd7 32. Rxd7 Qb8 33. Qd4 Kg8 34.
h4 Qc8 35. Qa7 1-0

[Event "ISR-chT"]
[Site "Israel"]
[Date "1996.??.??"]
[Round "10"]
[White "Tseitlin, Mark D"]
[Black "Khenkin, Igor"]
[Result "1-0"]
[WhiteElo "2545"]
[BlackElo "2575"]
[PlyCount "71"]
[EventDate "1996.??.??"]
[EventType "team"]
[EventRounds "11"]
[EventCountry "ISR"]
[SourceTitle "CBM 052 Extra"]
[Source "ChessBase"]
[SourceDate "1996.07.01"]
[SourceVersion "1"]
[SourceVersionDate "1996.07.01"]
[SourceQuality "1"]

1. e4 c6 2. d4 d5 3. e5 c5 4. dxc5 Nc6 5. Bb5 e6 6. Qg4 Qa5+ 7. Nc3 h5 8. Qf4
Bxc5 9. Nf3 Nge7 10. O-O Ng6 11. Qg5 Bd7 12. Bd3 Be7 13. Qe3 d4 14. Nxd4 Ncxe5
15. Be4 Qb6 16. Nce2 f5 17. Bd3 Bf6 18. c3 Ng4 19. Qh3 Ne7 20. f4 O-O-O 21. Kh1
Nc6 22. Be3 Nxd4 23. Bxd4 Qxb2 24. Bxa7 Bb5 25. Rab1 Qxa2 26. Bxb5 Qxa7 27. Nd4
Qa2 28. Qd3 Bxd4 29. cxd4 Rd6 30. Qf3 Qd5 31. Qa3 Qxd4 32. Qa8+ Kc7 33. Qxh8
Rd8 34. Qxh5 g6 35. Qh7+ Kd6 36. Rbc1 1-0

[Event "Tel Aviv Cup rapid"]
[Site "Tel Aviv"]
[Date "1996.??.??"]
[Round "2"]
[White "Tseitlin, Mark D"]
[Black "Zoler, Dan"]
[Result "1-0"]
[WhiteElo "2545"]
[BlackElo "2455"]
[PlyCount "103"]
[EventDate "1996.??.??"]
[EventType "k.o. (rapid)"]
[EventRounds "6"]
[EventCountry "ISR"]
[SourceTitle "CBM 052 Extra"]
[Source "ChessBase"]
[SourceDate "1996.07.01"]
[SourceVersion "1"]
[SourceVersionDate "1996.07.01"]
[SourceQuality "1"]

1. Nf3 Nf6 2. g3 b6 3. Bg2 Bb7 4. O-O g6 5. d4 Bg7 6. c4 O-O 7. Nc3 d6 8. Qc2
Nbd7 9. e4 e6 10. Re1 c5 11. d5 exd5 12. exd5 a6 13. Bf4 Qc7 14. Re7 Rae8 15.
Rae1 Rxe7 16. Rxe7 Nh5 17. Bg5 h6 18. Bd2 Qd8 19. Re3 Nhf6 20. h3 Re8 21. a4
Bc8 22. Qc1 Kh7 23. Qe1 Rxe3 24. Qxe3 Qe8 25. Qf4 Qe7 26. Qh4 Ne5 27. Ne4 Nxf3+
28. Bxf3 Bf5 29. Nc3 Bd3 30. Bg2 g5 31. Bxg5 Qe1+ 32. Kh2 Qxf2 33. Qf4 Qxf4 34.
Bxf4 Bf8 35. b3 Bc2 36. Bf1 Nh5 37. Bd2 Bg7 38. Be2 Kg6 39. Kg2 Bxc3 40. Bxc3
Bxb3 41. a5 bxa5 42. Bxa5 Nf6 43. Bd3+ Kg7 44. Bc3 a5 45. g4 Bd1 46. Kg3 a4 47.
Kf4 a3 48. Kf5 Bf3 49. Bxf6+ Kf8 50. h4 Bg2 51. h5 Bf3 52. Kf4 1-0

[Event "Tel Aviv Cup rapid"]
[Site "Tel Aviv"]
[Date "1996.??.??"]
[Round "2"]
[White "Tseitlin, Mark D"]
[Black "Zoler, Dan"]
[Result "1-0"]
[WhiteElo "2545"]
[BlackElo "2455"]
[PlyCount "103"]
[EventDate "1996.??.??"]
[EventType "k.o. (rapid)"]
[EventRounds "6"]
[EventCountry "ISR"]
[SourceTitle "CBM 052 Extra"]
[Source "ChessBase"]
[SourceDate "1996.07.01"]
[SourceVersion "1"]
[SourceVersionDate "1996.07.01"]
[SourceQuality "1"]

1. Nf3 c5 2. e4 d6 3. d4 cxd4 4. Nxd4 Nf6 5. Nc3 g6 6. Be3 Bg7 7. f3 O-O 8. Qd2
Nc6 9. Bc4 Bd7 10. O-O-O Qa5 11. Kb1 Rfc8 12. Bb3 Ne5 13. g4 Nc4 14. Bxc4 Rxc4
15. Nb3 Qa6 16. Bd4 Rac8 17. g5 Nh5 18. Bxg7 Nxg7 19. Rhe1 Be6 20. Qd3 b5 21.
Rd2 b4 22. Nd5 Bxd5 23. exd5 Nf5 24. Re4 Qb5 25. Rde2 a5 26. Rxc4 Qxc4 27. Qxc4
Rxc4 28. Nxa5 Rd4 29. b3 Rxd5 30. Nc6 Rd1+ 31. Kb2 Nd4 32. Nxd4 Rxd4 33. Rxe7
d5 34. a4 bxa3+ 35. Kxa3 Rd2 36. c3 d4 37. c4 Rxh2 38. Rd7 Rd2 39. c5 d3 40. b4
Rd1 41. Kb2 Kf8 42. Rd4 Ke7 43. Kc3 Rg1 44. f4 f6 45. gxf6+ Kxf6 46. Kxd3 h5
47. c6 Ke7 48. b5 h4 49. Rd7+ Ke6 50. Rh7 Kd6 51. c7 Rc1 52. b6 1-0

[Event "Tel Aviv Cup rapid"]
[Site "Tel Aviv"]
[Date "1996.??.??"]
[Round "2"]
[White "Zoler, Dan"]
[Black "Tseitlin, Mark D"]
[Result "0-1"]
[WhiteElo "2455"]
[BlackElo "2545"]
[PlyCount "98"]
[EventDate "1996.??.??"]
[EventType "k.o. (rapid)"]
[EventRounds "6"]
[EventCountry "ISR"]
[SourceTitle "CBM 052 Extra"]
[Source "ChessBase"]
[SourceDate "1996.07.01"]
[SourceVersion "1"]
[SourceVersionDate "1996.07.01"]
[SourceQuality "1"]

1. e4 e5 2. Nf3 Nc6 3. Bb5 a6 4. Ba4 Nf6 5. Qe2 Be7 6. c3 O-O 7. Bxc6 bxc6 8.
Nxe5 a5 9. O-O Qe8 10. Re1 Ba6 11. d3 d6 12. Nf3 Qd7 13. c4 Ng4 14. Nc3 Rae8
15. Bf4 f6 16. Nd4 Ne5 17. Nb3 Ng6 18. Bg3 Bd8 19. Qc2 h5 20. f3 h4 21. Bf2 h3
22. g3 Ne5 23. Qe2 f5 24. f4 Ng4 25. Qf3 a4 26. Nxa4 fxe4 27. Rxe4 Rxe4 28.
Qxe4 Bf6 29. Re1 d5 30. Nac5 Qf7 31. cxd5 cxd5 32. Qe6 Bc8 33. Qxf7+ Kxf7 34.
Bd4 Bf5 35. Bxf6 gxf6 36. Nd4 Kg6 37. b4 Ra8 38. a4 Bxd3 39. Nxd3 Rxa4 40. Nc2
Ra2 41. Re2 Kf5 42. Nf2 d4 43. Nxg4 d3 44. Re1 Kxg4 45. Nd4 Rg2+ 46. Kh1 Rb2
47. b5 Rb4 48. Ne6 d2 49. Rd1 Re4 0-1

[Event "Beersheba"]
[Site "Beersheba"]
[Date "1996.??.??"]
[Round "3"]
[White "Tseitlin, Mark D"]
[Black "Avrukh, Boris"]
[Result "1-0"]
[WhiteElo "2545"]
[BlackElo "2495"]
[PlyCount "109"]
[EventDate "1996.03.??"]
[EventType "tourn"]
[EventRounds "11"]
[EventCountry "ISR"]
[EventCategory "10"]
[SourceTitle "CBM 053"]
[Source "ChessBase"]
[SourceDate "1996.08.01"]
[SourceVersion "1"]
[SourceVersionDate "1996.08.01"]
[SourceQuality "1"]

1. e4 d6 2. d4 Nf6 3. Nc3 g6 4. Bg5 h6 5. Be3 a6 6. f3 Nbd7 7. Nh3 b5 8. Nf2
Bb7 9. Nd3 e6 10. a4 b4 11. Na2 c5 12. dxc5 dxc5 13. Qd2 Qc7 14. b3 Rd8 15. Bf4
e5 16. Be3 Nb8 17. Qf2 Nfd7 18. Nb2 Nc6 19. Bd3 Bg7 20. O-O O-O 21. Nc1 Nd4 22.
Ne2 f5 23. exf5 gxf5 24. Qh4 Qc6 25. Ng3 Qg6 26. Bxd4 cxd4 27. Rae1 Rde8 28.
Qh3 e4 29. fxe4 fxe4 30. Bc4+ Kh8 31. Qxd7 Bc6 32. Bf7 Rxf7 33. Qxf7 Qxf7 34.
Rxf7 d3 35. Nc4 Bd4+ 36. Kh1 Bc3 37. Ref1 e3 38. cxd3 e2 39. Nxe2 Rxe2 40. R7f2
Re6 41. Nd2 Rd6 42. Ne4 Rxd3 43. Nxc3 Rxc3 44. Kg1 Rxb3 45. Rf8+ Kg7 46. R1f7+
Kg6 47. Rf6+ Kg7 48. R8f7+ Kg8 49. Rc7 Bxa4 50. Rg6+ Kf8 51. Rxh6 Rb1+ 52. Kf2
Bb3 53. Rxa6 Rb2+ 54. Ke3 Bd5 55. Rb6 1-0